Introduction to Social Anthropology (Record no. 4940)

MARC details
000 -LEADER
fixed length control field 00540cam a2200205ua 4500
001 - CONTROL NUMBER
control field 5787
005 - DATE AND TIME OF LATEST TRANSACTION
control field 20260515113933.0
008 - FIXED-LENGTH DATA ELEMENTS--GENERAL INFORMATION
fixed length control field 131028n ii |||gr||||Z||||||eng
020 ## - INTERNATIONAL STANDARD BOOK NUMBER
International Standard Book Number 81-7198-147-X
040 ## - CATALOGING SOURCE
Transcribing agency MAIN
082 ## - DEWEY DECIMAL CLASSIFICATION NUMBER
Classification number 306
245 ## - TITLE STATEMENT
Title Introduction to Social Anthropology
Statement of responsibility, etc. By D.N. Majumdar
260 ## - PUBLICATION, DISTRIBUTION, ETC.
Place of publication, distribution, etc. Delhi:
Name of publisher, distributor, etc. Mayoor Paperbacks,
Date of publication, distribution, etc. 2011.
300 ## - PHYSICAL DESCRIPTION
Extent viii,271p.
653 ## - INDEX TERM--UNCONTROLLED
Uncontrolled term Culture & institutions
653 ## - INDEX TERM--UNCONTROLLED
Uncontrolled term Social anthropology
700 ## - ADDED ENTRY--PERSONAL NAME
Personal name Majumdar,D.N.,
Relator term Author.,
700 ## - ADDED ENTRY--PERSONAL NAME
Personal name Madan,T.N.,
Relator term Author.
942 ## - ADDED ENTRY ELEMENTS (KOHA)
Koha item type Books
Holdings
Withdrawn status Lost status Damaged status Not for loan Home library Current library Shelving location Date acquired Total checkouts Full call number Barcode Date last seen Copy number Price effective from Koha item type
        Naharkatiya College Library Naharkatiya College Library General stacks 09/19/2020   306 | MAJ 22234 09/19/2020 1 09/19/2020 Books